00466nam a2200121 a 450000100100000000500170001000800410002704000250006808200150009324501080010826000930021630000350030900002844420200930054940.0110408s2002 dr ac 000 0 spa d aDO-SdBNPbspacBNPHU axxxbC911m01aEl CRD : metas y proyectos :bVoz de la integración y del Desarrollo del Nordeste y el Cibao Central. aSan Pedro de Macorís, República Dominicana :bConsejo Regional de Desarrollo,c2002. a24 p. :bil., retrs. ;c22 cm.